000 00858nam a2200229Ii 4500
003 JO-AjNU
008 230605s9999||||xx |||||||||||||| ||und||
017 _a1433/8567
020 _a978-603-8106-28-0
040 _aJO-AjNU
_bara
_erda
_cJO-AjNU
041 _aara
050 1 4 _aKMM122.2013
100 3 _aالضمور، رناد سالم ,
_eauthor
_944657
245 0 0 _aالحماية المدنية للعلامة التجارية المشهورة " دراسة مقارنة "
250 _aط1
264 3 1 _aالرياض : مكتبة القانون والاقتصاد ، 2013
300 _a421ص
_bيشتمل على مراجع ص (413 - 421 )
336 _atext
_btxt
_2rdacontent
337 _aunmediated
_bn
_2rdamedia
338 _avolume
_bnc
_2rdacarrier
650 4 _aالعلامات التجارية -- قوانين وتشريعات
_944658
999 _aA19298
_c22866
_d22866